Berq - Rote Flaggen (lyrics) - Statistiken

Allgemein
  • Dieses Quiz wurde 237 mal gespielt
  • Das Durchschnittsergebnis liegt bei 335 aus 412
Antwortstatistiken
Antwort % Korrekt
ich
100%
auf
99%
die
99%
Flaggen
99%
rote
99%
'ne
98%
seh
98%
100
97%
dein
97%
In
97%
in
97%
so
96%
stehen
96%
und
96%
Auffahrt
95%
deiner
95%
im
95%
Nacht
95%
nur
95%
weh
95%
bei
94%
du
94%
geh
94%
immer
94%
komm
94%
nicht
93%
doll
92%
Farbe
92%
tut
92%
weil
92%
alles
91%
halb
91%
nichts
89%
tust
89%
wenn
89%
fuck
87%
der
86%
drum
86%
Dunkel
85%
das
84%
Licht
84%
verdrängt
84%
Morgen
82%
am
81%
bringt
80%
den
80%
ins
80%
Knie
80%
mich
80%
mir
80%
zwingt
80%
Bett
78%
nackte
78%
Wahrheit
78%
aber
76%
ein
76%
neben
74%
Sonnenaufgang
74%
Haus
72%
wir
71%
zu
70%
doch
69%
dass
66%
viel
66%
dir
64%
dich
62%
uns
62%
sind
60%
wieder
59%
ist
58%
vor
58%
bin
57%
dann
57%
oder
57%
gefallen
55%
halten
55%
Rechnung
55%
einander
54%
offene
54%
leere
53%
Step
53%
verlier
53%
Versprechung
53%
wir's
53%
find
52%
bilden
51%
dei'm
51%
irgendwann
51%
einzige
50%
ohne
50%
andere
49%
garnicht
49%
macht
49%
meine
49%
wissen
49%
wo
49%
aus
48%
kam
48%
Spiegelbild
48%
straight
48%
heute
47%
schon
47%
warten
47%
darauf
46%
leider
45%
mehr
45%
sich
45%
verloren
45%
vorgegangen
45%
gegangen
44%
vielleicht
44%
schnell
43%
versuchen
43%
frage
42%
unsere
42%
wären
42%
Dunkelheit
41%
gleicht
41%
gibst
40%
Klingelschild
40%
weg
37%
Haustür
36%
wenigstens
36%
nimmst
34%
still
34%
Hand
33%
hier
32%
gefriert
29%
von
29%
muss
28%
Keine übereinstimmenden Quizze gefunden
Verteilung der Resultate
Anzahl Personen mit jedem Resultat
Perzentil nach korrekt beantworteten Fragen
Ihre Resultats-Entwicklung
Sie haben dieses Quiz noch nicht gespielt